| 000 | 00363 a2200109 4500 | ||
|---|---|---|---|
| 022 | _a9788189741976 | ||
| 082 | _a627.4 KUM | ||
| 100 | _aKumar,Arun | ||
| 245 |
_aHandbook of Flood Management : flood risk simulation,warning,assessment and mitigation [vol-2] / _cArun Kumar |
||
| 260 |
_aNew Delhi : _cSBS Publisher, _b2009. |
||
| 300 |
_axvi, 360. : _bill. ; _c25 cm. |
||
| 650 | _aflood management | ||
| 999 |
_c898 _d898 |
||